Most Similar Country Names - Statistics

General Stats
  • This quiz has been taken 46,278 times
    46,223 since last reset
  • The average score is 11 of 21
Answer Stats
Country Transformation Answer % Correct
Iran Change 1 Iraq
99%
Iceland Change 1 Ireland
96%
Nigeria Subtract 2 Niger
95%
Austria Add 2 Australia
93%
South Korea Change 2 North Korea
90%
Slovakia Change 2 Slovenia
84%
Gambia Change 1 Zambia
81%
Mali Add 2 Malawi
55%
Gambia Change 1, Add 1 Namibia
49%
Togo Add 1, Change 1 Tonga
48%
Nigeria Change 2 Liberia or Algeria
41%
Oman Change 2 Iran
37%
Rwanda Change 2 Uganda
36%
China Change 2 Chile or Ghana
35%
Zambia Add 1, Change 1 Namibia
34%
Brunei Add 1, Change 1 Burundi
22%
Mali Add 1, Change 1 Malta
22%
Ghana Add 1, Change 1 Guyana
20%
Canada Change 2 Panama
17%
Syria Add 1, Change 1 Serbia
12%
Romania Change 2 Somalia
10%
No matching quizzes found
Score Distribution
Percent of People with Each Score
Percentile by Number Answered
Your Score History
You have not taken this quiz since the last reset